Kategoria racjonalnosci w teoriach przedmiotowych makroekonomii
Guardado en:
| Autor principal: | |
|---|---|
| Formato: | Libro |
| Lenguaje: | polaco inglés |
| Publicado: |
Poznan
Wydawnictwo Akademii Ekonomicznej w Poznaniu
1996
|
| Edición: | 1. wyd. |
| Colección: | Zeszyty naukowe
Zeszyt 149 |
| Materias: | |
| Etiquetas: |
Sin Etiquetas, Sea el primero en etiquetar este registro!
|
MARC
| LEADER | 00000nam a2200000 4500 | ||
|---|---|---|---|
| 001 | c018341 | ||
| 005 | 20250509102645.5 | ||
| 041 | 0 | |a pol | |
| 041 | 0 | |a eng | |
| 044 | |a PL | ||
| 245 | 1 | 0 | |a Kategoria racjonalnosci w teoriach przedmiotowych makroekonomii |c Barbara Pogonowska |
| 250 | |a 1. wyd. | ||
| 264 | 1 | |a Poznan |b Wydawnictwo Akademii Ekonomicznej w Poznaniu |c 1996 | |
| 300 | |a 151 s. | ||
| 490 | 1 | |a Zeszyty naukowe |v Zeszyt 149 | |
| 830 | 0 | |a Zeszyty naukowe |v Zeszyt 149 | |
| 610 | 2 | 0 | |a racionalizácia |
| 610 | 2 | 0 | |a makroekonomika |
| 610 | 2 | 0 | |a teórie ekonomické |
| 610 | 2 | 0 | |a koncepcie |
| 610 | 2 | 0 | |a kultúra |
| 610 | 2 | 0 | |a sociológia |
| 610 | 2 | 0 | |a merkantilizmus |
| 610 | 2 | 0 | |a monetarizmus |
| 100 | 1 | |a Pogonowska, Barbara | |